LEADER 01044nam0 2200289 450 001 000020656 005 20081217092520.0 100 $a20081217d1860----km-y0itay50------ba 101 1 $aita$cfre 102 $aIT 105 $aa-------001yy 200 1 $aCorso elementare di meccanica teorica ed applicata$fdi Carlo Delaunay$gtraduzione con note del dottor Carlo Bingler 210 $aMilano$cpresso C. Turati$d1860 215 $aXI, 768$cill.$d18 cm 225 2 $aBiblioteca politecnica 300 $aTraduzione dalla quarta ed. francese 410 0$12001$aBiblioteca politecnica 610 1 $aMeccanica 610 1 $aMeccanica applicata 676 $a620.1$v20$9Ingegneria meccanica (meccanica applicata) e materiali dell'ingegneria 700 1$aDelaunay,$bCharles Eugene$f<1816-1872>$04556 702 1$aBingler,$bCarlo 801 0$aIT$bUNIPARTHENOPE$c20081217$gRICA$2UNIMARC 912 $a000020656 951 $aA531.1/2$b658$cNAVA1$d2008 996 $aCorso elementare di meccanica teorica ed applicata$91212093 997 $aUNIPARTHENOPE LEADER 01245cam2 22003253 450 001 SOB007407 005 20171227124117.0 010 $a2204049263 100 $a20040211d1994 |||||ita|0103 ba 101 $afre 102 $aFR 200 1 $a<<2: >>Oeuvres pour les moines$fCésaire D'Arles$gintroduction, texte critique, traduction, notes et index par Joël Courreau$gAdalbert de Vogüé 210 $aParis$cLes Éditions du Cerf$d1994 215 $a337 p.$d19 cm 225 2 $aSources chrétiennes$v398 300 $aTesto orig. a fronte 410 1$1001LAEC00014980$12001 $a*Sources chrétiennes$v398 461 1$1001SOBE00057888$12001 $aOeuvres monastiques / Césaire d'Arles 700 0$aCaesarius : Arelatensis $3AF00007140$4070$0198716 702 1$aCOURREAU, Joël$3AF00018363$4070 702 1$aVogüé, Adalbert : de$3A600200028099$4070 801 0$aIT$bUNISOB$c20171227$gRICA 850 $aUNISOB 852 $aUNISOB$j200|Coll|11|K$m106068 912 $aSOB007407 940 $aM 102 Monografia moderna SBN 941 $aM 957 $a200|Coll|11|K$b000398$gSI$d106068$rACQUISTO$1bethb$2UNISOB$3UNISOB$420171227123936.0$520171227123951.0$6bethb 996 $aOeuvres pour les moines$91677606 997 $aUNISOB